Biblioteca y Centro de Documentación

La modernización de la gestión tributaria local en España (Registro nro. 50089)

Detalles MARC
000 -CABECERA
Longitud fija campo de control 01524nam a2200433 i 4500
001 - NÚMERO DE CONTROL
Número de control 50089
003 - IDENTIFICADOR DE NÚMERO DE CONTROL
Identificador del número de control ES-MaCES
005 - FECHA Y HORA DE LA ÚLTIMA TRANSACCIÓN
Fecha y hora de la última transacción 20171017123800.0
008 - CAMPO FIJO DE DESCRIPCIÓN FIJA--INFORMACIÓN GENERAL
Códigos de información de longitud fija   171016s2016 sp | ||||o000 0|spa |
017 ## - NÚMERO DE REGISTRO DE DERECHOS DE AUTOR Y DEPÓSITO LEGAL
Número de copyright o de depósito legal M 37453-2016
Agencia que asigna el número DL
020 ## - ISBN (INTERNATIONAL STANDARD BOOK NUMBER)
Número Internacional Normalizado para Libros (ISBN) 9788473515573
020 ## - ISBN (INTERNATIONAL STANDARD BOOK NUMBER)
Número Internacional Normalizado para Libros (ISBN) 9788473515580 (formato electrónico)
024 7# - OTROS IDENTIFICADORES
Número normalizado o código 635-16-055-2
Fuente del número o código nipo
024 7# - OTROS IDENTIFICADORES
Número normalizado o código 635-16-056-8 (formato electrónico)
Fuente del número o código nipo
040 ## - FUENTE DE CATALOGACIÓN
Centro catalogador de origen ES-MaCES
Lengua de catalogación spa
Centro transcriptor ES-MaCES
100 1# - ENCABEZAMIENTO PRINCIPAL--NOMBRE PERSONAL
9 (RLIN) 38618
Nombre de persona Belmonte Martín, Irene
245 13 - MENCIÓN DE TÍTULO
Título La modernización de la gestión tributaria local en España
Resto del título : el caso de Suma Gestión Tributaria de la Diputación de Alicante
Mención de responsabilidad, etc. Irene Belmonte Martín
250 ## - MENCIÓN DE EDICIÓN
Mención de edición 1ª ed
260 ## - PUBLICACIÓN, DISTRIBUCIÓN, ETC (PIE DE IMPRENTA)
Lugar de publicación, distribución, etc. Madrid
Nombre del editor, distribuidor, etc. Instituto Nacional de Administración Pública
Fecha de publicación, distribución, etc. 2016
300 ## - DESCRIPCIÓN FÍSICA
Extensión 268 p.
Dimensiones 24 cm
490 1# - MENCIÓN DE SERIE
Mención de serie Monografías
504 ## - NOTA DE BIBLIOGRAFÍA, ETC.
Nota de bibliografía, etc. Bibliografía: p. 235-260
541 0# - NOTA DE LA FUENTE INMEDIANTE DE ADQUISICIÓN
Forma de adquisición Gratuito
650 #4 - ASIENTO SECUNDARIO DE MATERIA--TÉRMINO DE MATERIA
Término de materia o nombre geográfico como elemento inicial gobierno local
9 (RLIN) 27219
650 #4 - ASIENTO SECUNDARIO DE MATERIA--TÉRMINO DE MATERIA
Término de materia o nombre geográfico como elemento inicial administración fiscal
9 (RLIN) 27209
650 #4 - ASIENTO SECUNDARIO DE MATERIA--TÉRMINO DE MATERIA
Término de materia o nombre geográfico como elemento inicial impuesto
9 (RLIN) 28086
650 #4 - ASIENTO SECUNDARIO DE MATERIA--TÉRMINO DE MATERIA
Término de materia o nombre geográfico como elemento inicial sistema tributario
9 (RLIN) 28092
650 #4 - ASIENTO SECUNDARIO DE MATERIA--TÉRMINO DE MATERIA
Término de materia o nombre geográfico como elemento inicial reforma tributaria
9 (RLIN) 28091
650 #4 - ASIENTO SECUNDARIO DE MATERIA--TÉRMINO DE MATERIA
Término de materia o nombre geográfico como elemento inicial reforma administrativa
9 (RLIN) 27223
650 #4 - ASIENTO SECUNDARIO DE MATERIA--TÉRMINO DE MATERIA
Término de materia o nombre geográfico como elemento inicial modernización
9 (RLIN) 27016
650 04 - ASIENTO SECUNDARIO DE MATERIA--TÉRMINO DE MATERIA
Término de materia o nombre geográfico como elemento inicial España
9 (RLIN) 26964
650 #4 - ASIENTO SECUNDARIO DE MATERIA--TÉRMINO DE MATERIA
Término de materia o nombre geográfico como elemento inicial Alicante
9 (RLIN) 38619
650 #4 - ASIENTO SECUNDARIO DE MATERIA--TÉRMINO DE MATERIA
Término de materia o nombre geográfico como elemento inicial estudio de casos
9 (RLIN) 28846
653 ## - TÉRMINO DE INDEXACIÓN--NO CONTROLADO
Término no controlado Fiscalidad
710 2# - ENCABEZAMIENTO SECUNDARIO--NOMBRE CORPORATIVO
9 (RLIN) 4265
Nombre de entidad o nombre de jurisdicción como elemento inicial Instituto Nacional de Administración Pública (España)
Término indicativo de función ed.
830 #0 - ENCABEZAMIENTO SECUNDARIO DE COLECCIÓN--TÍTULO UNIFORME
9 (RLIN) 34636
Título uniforme Monografías (Instituto Nacional de Administración Pública (España))
902 ## - CES. TIPO DE DOCUMENTO
Tipodoc (006$c Sirtex) LIB Libro
942 ## - ELEMENTOS KOHA
Fuente de clasificaión o esquema Clasificación propia del CES
Koha [por defecto] tipo de item Monografías
Parte de clasificación Fiscalidad
Existencias
Número de registro Signatura completa Tipo de item de Koha
089560 SG-0.1.-105 Monografías
© CES, Consejo Económico y Social de España 2021